00406nam a22001337a 4500003000500000038001800005082000800023100002100031245007900052264003300131650001800164700003300182856005700215NUST aNusrat Nadeem a200 aKhan, Ali Mashal aTARIFF CASCADING IN DEVELOPED AND DEVELOPING COUNTRIES/cAli Mashal Khan,  aIslamabad;bS3H NUST.c2025. aMS-Economics  aSupervisor: Dr. Imtiaz Ahmad uhttp://10.250.8.41:8080/xmlui/handle/123456789/54458